000 00365nam a2200157Ia 4500
100 _aRayport/Jeffrey F/ Jaworkshki/Bernard J
650 _aE commerce
942 _cBK
366 _f25
245 _aIntroduction to e commerce
260 _bTata Mc Graw hill Ltd.
_c2004
082 _a658.84
_bRAY
300 _a516
546 _aENGLISH
_cInfo.Tech
999 _c22358
_d22358